000 00565nam a2200229Ia 4500
008 160819s9999 xx 000 0 und d
020 _a981-232-656-1
050 _aCUL TX 724.5
050 _b.C5T36 2003
100 _aTan, Terry.
245 _aCooking with Chines herbs /
245 _cTerry Tan.
260 _aSingapore :
260 _bTimes Editions.
260 _c2003
300 _a119 pages :
300 _bcolor illustrations ;
300 _c28 cm.
500 _aIncludes index.
650 _aCookery, Chinese.
650 _xCookery (Herbs).
999 _c300695
_d300695